000 00794nam a2200217Ia 4500
999 _c39418
_d39418
001 6009
003 GE_BSU
005 20190902105336.0
008 181216s1971||||ge |||||||||||||| ||geo||
040 _cGE_BSU
041 _ageo
080 _a821.353.1-1 ა-15
100 _aაბდელანი, სულხან
_93848
245 _aნიჟარა :
_bლექსები /
_cსულხან აბდელანი ; რედ. მურმან ქოიავა.
264 _aთბილისი :
_bმერანი ;
_c1971.
300 _a62 გვ. :
_bფოტო ;
_c17 სმ.
653 _aნიჟარა
653 _aლექსები
700 _aქოიავა, მურმან
_eრედაქტორი
_93849
942 _cBK
_2udc